000 00642 a2200205 4500
001 130822
020 _a85-02-02166-4
040 _cLeonardo Da Vinci
041 _aPortuguês
082 _a344.0102 M343m
_bM343m
100 _aMARTINS FILHO, Ives Gandra da Silva
245 _aManual esquemático de direito e processo do trabalho
250 _a8.ed
260 _bSaraiva
_c1999
_aSão Paulo
300 _a289
362 _a19990000
500 _aEdição revista e ampliada
697 _aDireito
_aDireito do trabalho
_aLegislação
_aLeis
_aJustiça do trabalho
_aDireito processual
_aProcesso trabalhista
_aBrasil
_aFIPEN
942 _cBK
999 _c130822
_d130822